Честь имею (Запись № 3449394)

Подробности
000 -МАРКЕР
контрольное поле 01596nam0a2200361 4500
001 - ИДЕНТИФИКАТОР ЗАПИСИ
контрольное поле RU\NLR\bibl\1942805
005 - ИДЕНТИФИКАТОР ВЕРСИИ
контрольное поле 20260406070848.0
010 ## - МЕЖДУНАРОДНЫЙ СТАНДАРТНЫЙ НОМЕР КНИГИ (ISBN)
Номер (ISBN) 978-5-903140-59-6
Тираж 500
021 ## - НОМЕР ГОСУДАРСТВЕННОЙ РЕГИСТРАЦИИ
Код страны Российская Федерация
Номер 2012-60862
Номер Листа государственной регистраци 4456
035 ## - ДРУГИЕ СИСТЕМНЫЕ НОМЕРА
Идентификатор записи (nilc)EL/0000304130
035 ## - ДРУГИЕ СИСТЕМНЫЕ НОМЕРА
Идентификатор записи (NLR Aleph) 001932067
100 ## - ДАННЫЕ ОБЩЕЙ ОБРАБОТКИ
Данные общей обработки 20091115d2009 |||y0rusy50 ca
101 0# - ЯЗЫК РЕСУРСА
Язык текста, звукозаписи и т.д. русский
102 ## - СТРАНА ПУБЛИКАЦИИ ИЛИ ПРОИЗВОДСТВА
Страна публикации Российская Федерация
105 ## - ПОЛЕ КОДИРОВАННЫХ ДАННЫХ: ТЕКСТОВЫЕ МАТЕРИАЛЫ, МОНОГРАФИЧЕСКИЕ
Кодированные данные о монографическом текстовом документе a |||||||||
200 1# - ЗАГЛАВИЕ И СВЕДЕНИЯ ОБ ОТВЕТСТВЕННОСТИ
Основное заглавие Честь имею
Первые сведения об ответственности Р. Н. Заппаров
210 ## - ПУБЛИКАЦИЯ, РАСПРОСТРАНЕНИЕ И ДР.
Место издания, распространения и т.д. Ижевск
Имя издателя, распространителя и т. д. Бон Анца
Дата издания, распространения и т.д. 2009
215 ## - ФИЗИЧЕСКАЯ ХАРАКТЕРИСТИКА
Специфическое обозначение материала и объем 159 с.
Другие сведения о физической характеристике ил., цв. ил., портр.
Размеры 20
300 ## - ОБЩИЕ ПРИМЕЧАНИЯ
Текст примечания На с. 3 авт.: полк. в отставке, Засл. работник МВД СССР и правоохран. органов Удмуртии Р.Н. Заппаров
300 ## - ОБЩИЕ ПРИМЕЧАНИЯ
Текст примечания К 75-летию Р.Н. Заппарова
320 ## - ПРИМЕЧАНИЯ О НАЛИЧИИ В ДОКУМЕНТЕ БИБЛИОГРАФИИ / УКАЗАТЕЛЯ
Текст примечания Библиогр. основ. произведений авт.: с. 156-157 (23 назв.)
606 1# - НАИМЕНОВАНИЕ ТЕМЫ КАК ПРЕДМЕТ
Наименование темы Органы внутренних дел
Формальный подзаголовок Воспоминания, записки и т.п.
Географический подзаголовок Удмуртская Республика
Системный номер авторитетной/нормативной записи 2259594
Идентификатор авторитетной/нормативной записи RU\NLR\auth\661354939
686 ## - ИНДЕКСЫ ДРУГИХ КЛАССИФИКАЦИЙ
Индекс Х621.163.01
686 ## - ИНДЕКСЫ ДРУГИХ КЛАССИФИКАЦИЙ
Индекс Ш6(2=У)7-4{Лх-удм.550-45}
700 #1 - ИМЯ ЛИЦА - ПЕРВИЧНАЯ ОТВЕТСТВЕННОСТЬ
Код отношения Автор
Материалы, к которым относится поле rus
Графика поля Кириллица
Начальный элемент ввода Заппаров
Часть имени, кроме начального элемента ввода Р. Н.
Даты 1934-2020
Расширение инициалов личного имени Растем Нургаянович
Идентификатор авторитетной/нормативной записи RU\NLR\AUTH\7716040
Системный номер авторитетной/нормативной записи 125684
801 #0 - ИСТОЧНИК ЗАПИСИ
Страна Российская Федерация
Организация НБР Удмуртия
Дата составления 20091115
Правила каталогизации rcr
801 #1 - ИСТОЧНИК ЗАПИСИ
Страна Российская Федерация
Организация НБР Удмуртия
Дата составления 20091115
Источник данных rusmarc
801 #2 - ИСТОЧНИК ЗАПИСИ
Страна Российская Федерация
Организация NLR
Дата составления 20120907
Правила каталогизации rcr
942 ## - ДОПОЛНИТЕЛЬНЫЕ ЭЛЕМЕНТЫ ЗАПИСИ (АБИС)
Тип экземпляра АБИС Книга
980 ## - КОЛЛЕКЦИЯ
Название коллекции Национальная библиография
Экземпляры
Тип экземпляра Дата поступления Источник поступления Библиотека постоянного хранения Библиотека текущего хранения Место хранения Шифр хранения Штрих-код Статус экземпляра
Книга 07.09.2012 Обязательный экземпляр РНБ (Московский) РНБ (Московский) Русский книжный фонд: издания с 1957 года 2012-3/26922 3723631  
Книга 07.09.2012 Обязательный экземпляр РНБ (Московский) РНБ (Московский) Русский книжный фонд: издания с 1957 года 2012-3/26922 3723632